|
|
|
|
| LEADER |
00000cam a2200000 7i4500 |
| 001 |
0000008031 |
| 005 |
20100812.0 |
| 008 |
070910 |
| 020 |
|
|
|a 0446613436
|
| 090 |
0 |
0 |
|a SPA
|b ENG
|
| 100 |
1 |
|
|a Sparks, Nicholas
|
| 245 |
1 |
4 |
|a The guardian
|c Nicholas Sparks
|
| 260 |
|
|
|a New York :
|b time Warner Books Group ,
|c 2004
|
| 650 |
|
0 |
|a Adventure and adventurerers
|x Fiction
|
| 650 |
|
0 |
|a Triangles (interpersonal relations)
|x fiction
|
| 650 |
|
0 |
|a Windows
|x fiction
|
| 655 |
0 |
0 |
|a Romantic suspense fiction
|
| 655 |
0 |
0 |
|a Swansboro (N.C)
|x fiction
|
| 999 |
|
|
|a 0000992180
|b Book
|c Adult Collection
|e Perbadanan Perpustakaan Awam Johor
|
| 999 |
|
|
|a 0001040011
|b Book
|c Adult Collection
|e Perbadanan Perpustakaan Awam Johor
|